zpět

Detail výsledku týmu

Bristol, Olomouc

Datum a čas kvízu

18 Celkem bodů Celkový počet nahraných bodů na tomto kvízu bez doplňovacích otázek.
6. Pořadí na kvízu Konečné umístění týmu na tomto kvízu.

Zaznamenané odpovědi

# Otázka Odpověď Body Výsledky
1. Sobotní vyhlašování cen Český... 1
2. Do prodejny mobilů přišla žena... 0
3. Jak se nazývá snímek, který zí... 0
4. Na letošním ženevském autosalo... 0
5. Základní část naší hokejové ex... 0
6. V tomto tématu si posvítíme na... 0
7. Které jsou nejrozšířenější jaz... 1
8. Největší jezera na světě co do... 0.5
9. Státy Jižní Ameriky podle počt... 0
10. Státy Evropské unie podle rozl... 0